| 000 | 01336nam a2200313 a 4500 | ||
|---|---|---|---|
| 001 | BRCA_4608 | ||
| 005 | 20190320204732.0 | ||
| 008 | 800918s1981####sp-ab####b---#000-u#spa-# | ||
| 020 | _a8403050364 | ||
| 050 | 4 |
_aPQ6323 _b.C47 1981 |
|
| 100 | 1 |
_aCervantes Saavedra, Miguel de _d1547-1616. _9213 |
|
| 245 | 1 | 0 |
_aEl Ingenioso Hidalgo Don Quijote de la Mancha _cMiguel de Cervantes Saavedra ; edición preparada por Justo García Soriano y Justo García Morales. |
| 250 | _a12 | ||
| 260 |
_aMadrid _bAguilar _c1981 |
||
| 300 |
_a1681 p. _bil. 1 mapa plegable _c18 cm. |
||
| 500 | _aIncluye diccionario del Quijote: nombres y lugares citados, modos adverbiales, refranes y voces ya desusadas | ||
| 500 | _aIncluye índice de láminas | ||
| 500 | _aCon 136 ilustraciones, reproducidas de diversas ediciones nacionales y extranjeras, y cuatro láminas fuera de texto. | ||
| 504 | _aBibliografía: p. [143]-169. | ||
| 650 | 1 | 4 |
_aNovela española _yÉpoca clásica, 1500-1700 _9215 |
| 650 | 1 | 4 |
_aLiteratura española _yÉpoca clásica, 1500-1700 _9216 |
| 650 | 1 | 4 |
_aNovela española _ySiglo XVII _9217 |
| 650 | 1 | 4 |
_aDon Quijote (Personaje ficticio) _vNovela _911664 |
| 700 | 1 |
_aGarcía Soriano, Justo _d1884- _911665 |
|
| 700 | 1 |
_aGarcía Morales, Justo _911666 |
|
| 740 | 0 | _aDon Quijote de la Mancha | |
| 902 | _aQAG | ||
| 942 |
_2lcc _cB |
||
| 999 |
_c4313 _d4313 |
||